A kudarcok ellen való orvosság

Elmentve itt :
Bibliográfiai részletek
Szerző: Galicza János
További közreműködők: Holt John
Dokumentumtípus: Cikk
Megjelent: 1992
Sorozat:Iskolakultúra 2 No. 17-18
Kulcsszavak:Tanulók lélektana - kudarc - könyvismertetés, Iskolai kudarc - könyvismertetés
Online Access:http://misc.bibl.u-szeged.hu/43392
LEADER 00682nab a2200193 i 4500
001 misc43392
005 20191106141308.0
008 180824s1992 hu o 0|| zxx d
022 |a 1215-5233 
040 |a SZTE Miscellanea Repozitórium  |b hun 
041 |a zxx 
100 1 |a Galicza János 
245 1 2 |a A kudarcok ellen való orvosság  |h [elektronikus dokumentum] /  |c  Galicza János 
260 |c 1992 
300 |a 92-94 
490 0 |a Iskolakultúra  |v 2 No. 17-18 
695 |a Tanulók lélektana - kudarc - könyvismertetés, Iskolai kudarc - könyvismertetés 
700 0 1 |a Holt John 
856 4 0 |u http://misc.bibl.u-szeged.hu/43392/1/iskolakultura_1992_017_018_092-094.pdf  |z Dokumentum-elérés